00677nam a2200121Ia 4500008004100000100002400041245011500065245008000180260000900260300003900269440004900308650019800357171207s9999 xx 000 0 und d aIngram, Mercedes V. 2aA Seat at the Table: Using Social Media as a Platform to Resolve Microaggressions Against Transgender Persons  cMercedes V. Ingram, Stacy Speedlin, Yuliya Cannon, Ashley Prado & Joe Avera c2017 apages 289-304, July-September 2017 aJournal of Creativity in Mental Healthv12:3 aAdvocacy for transgender persons, counseling; critical participatory action research, diversity, healthy relationships, mental health, multi-cultural, social media, transgender issues, wellness